Name the biggest geographical feautures on each continent - Statistics

General Stats
  • This quiz has been taken 90 times
    79 since last reset
  • The average score is 21 of 30
Answer Stats
Feature Answer Countries % Correct
Longest river Nile Ethiopia, Eritrea, Sudan, Uganda, Tanzania, Kenya, Rwanda, Burundi, Egypt, Democratic Republic of the Congo, South Sudan
97%
Tallest mountain Everest China, Nepal
95%
Biggest peninsula Arabian peninsula Saudi Arabia, Oman, Yemen, Qatar, United Arab Emirates, Kuwait
94%
Largest island Borneo Indonesia, Malaysia, Brunei
91%
Largest island Madagascar Madagascar
91%
Largest lake Victoria Uganda, Kenya, Tanzania
91%
Longest river Amazon Brazil, Peru, Bolivia, Colombia, Ecuador, Venezuela, Guyana
89%
Longest river Mississippi–Missouri United States
89%
Longest river Yangtze China
89%
Largest island Great Britain United Kingdom
88%
Largest island Greenland Denmark
88%
Tallest mountain Kilimanjaro Tanzania
88%
Largest lake Baikal Russia
86%
Biggest peninsula Horn of Africa Djubouti, Ethiopia, Somalia
85%
Longest river Volga Russia
85%
Largest island New guinea Indonesia, Papua New Guinea
82%
Largest lake Superior Canada, United States
82%
Biggest peninsula Scandinavia Norway, Sweden
77%
Tallest mountain Denali United States
71%
Tallest mountain Elbrús Russia
71%
Largest lake Titicaca Bolivia, Peru
68%
Longest river Murray Australia
58%
Largest island Isla Grande de Tierra del Fuego Argentina, Chile
55%
Biggest peninsula Labrador peninsula Canada
55%
Tallest mountain Aconcagua Argentina
52%
Largest lake Ladoga Russia
52%
Biggest peninsula Cape York peninsula Australia
38%
Largest lake Eyre Australia
23%
Biggest peninsula La Guajira Colombia, Venezuela
9%
Tallest mountain Punjack Jaya Indonesia
8%
No matching quizzes found
Score Distribution
Percent of People with Each Score
Percentile by Number Answered
Your Score History
You have not taken this quiz since the last reset